000 00573nam a2200193 i 4500
001 131799
003 ES-MaACL
005 20250807062547.0
007 t|
008 070214s1904 fr r ||||1| fre d
100 1 _aRoger, Georges Henri.
_998929
245 1 0 _aIntroduction a l'étude de la médecine /
_cGeorges Henri Roger.
250 _a2ª. ed. revue et considerablement sugmentée.
260 _aParis :
_bMasson et Cie.,
_c1904.
300 _aXII, 741 p. ;
_c23 cm.
650 0 7 _aMedicina
_2embne
_914891
852 _aES-MaACL
_jB-11064
999 _c131799
_d131799